| 000 | 00438nam a2200169 a 4500 | ||
|---|---|---|---|
| 005 | 20140310183217.0 | ||
| 008 | 030624s19uu xx 00 eng d | ||
| 020 | _a0380779625 | ||
| 050 |
_aPZ 3 _b.An545 1996 |
||
| 100 | _aAnderson, Catherine | ||
| 245 |
_aKeegan's lady / _cCatherine Anderson. |
||
| 260 |
_aNew York : _bAvon Books, _c1996. |
||
| 300 |
_a410 p. : _c17 cm. |
||
| 650 | _aFiction | ||
| 942 |
_cBK _2lcc |
||
| 999 |
_c20250 _d20250 |
||